| 000 | 02600cam a2200601 i 4500 | ||
|---|---|---|---|
| 003 | PE-LiUPU | ||
| 005 | 20250731173152.0 | ||
| 008 | 931025s1993 miu rb 000 0 eng d | ||
| 020 |
_a0943872707 _q(rústica) |
||
| 020 |
_a9780943872704 _q(rústica) |
||
| 035 | _a(Sirsi) i9780943872704 | ||
| 040 |
_aPUCPR _bspa _cPUCPR _dPUCPR _dCKJAV _dPE-LiUPU _erda |
||
| 040 |
_aTxDaTS _beng _cDLC _dOCLCQ _dBAKER _dNLGGC _dBTCTA _dYDXCP _dOCLCG _dOCLCO _dOCLCQ _dOCLCF |
||
| 049 | _aPRUA | ||
| 050 | 0 | 4 |
_aBX6109 _b.AU16 1993 |
| 082 | 0 | 4 |
_a220.6 _bA16 _220 |
| 082 | 0 | 0 |
_a220.1/3 _220 |
| 082 | 0 | 4 |
_a286.73205 _bAUS _221 |
| 100 | 1 |
_aRoennfeldt, Ray C. W., _eautor. |
|
| 245 | 1 | 0 |
_aClark H. Pinnock on biblical authority : _ban evolving position / _cby Ray C.W. Roennfeldt. |
| 264 | 1 |
_aBerrien Springs, Mich. : _bAndrews University Press, _c©1993. |
|
| 300 |
_axxiii, 428 páginas ; _c28 centímetros. |
||
| 336 |
_atext _2rdacontent |
||
| 337 |
_aunmediated _2rdamedia |
||
| 338 |
_avolume _2rdacarrier |
||
| 490 | 1 |
_aAndrews University Seminary doctoral dissertation series ; _v16 |
|
| 500 | _aOriginally presented as the author's thesis (doctoral)--Andrews University, Seventh-Day Adventist Theological Seminary, 1990. | ||
| 504 | _aBibliografía : páginas 374-428. | ||
| 505 | 0 | _aHistorical background to the biblical authority realiability debate -- Clark H, Pinnock the theologian -- Biblican authority realiability pinnock early view 1965-1974. | |
| 526 | _aSEG42 | ||
| 526 | _aSEG41 | ||
| 526 | _aSEG40 | ||
| 526 | _aSEG39 | ||
| 526 | _aP94 | ||
| 526 | _aP87 | ||
| 526 | _aP86 | ||
| 526 | _aP85 | ||
| 526 | _aP77 | ||
| 526 | _aP76 | ||
| 526 | _aP35 | ||
| 600 | 1 | 0 |
_aPinnock, Clark H., _d1937- |
| 630 | 0 | 0 |
_aBiblia _xEvidencias, authority, etc. |
| 650 | 1 | 7 |
_aGezag van de bijbel. _2gtt |
| 910 |
_ajck _clcll _d20160726 |
||
| 942 |
_2ddc _cBOOK |
||
| 949 |
_a220.6 A 16 _wDEWEY _c1 _i53474 _f2017-2-13 _g1 _lCCODEBUL1 _mBUL _p10.00 _r0 _sY _tBOOK _u2015-6-24 _xTEOLOGIA _PP35 _0COMPRA _o.STAFF. Colección General |
||
| 949 |
_aBS480 .R58 1993 _wLC _c1 _i66958 _lCIA _mBWL _p23.00 _r1 _sY _tBOOK _u2016-7-25 _xWHITE _zUNKNOWN _0COMPRA _o.STAFF. Centro White |
||
| 994 |
_aC0 _bPEPRUE |
||
| 596 | _a1 4 | ||
| 999 |
_a220.6 A16 _wDEWEY _c35449 _i53474 _f2021-11-9 _g5 _lCCODEBUL1 _mBUL _p10.00 _r0 _sY _tBOOK _u2015-6-24 _xTEOLOGIA _PP35 _0COMPRA _o.STAFF. Colección Teología _d35449 |
||
| 999 |
_a286.73205 AUS V16 _wLC _c1 _iCW66958 _f2021-12-22 _g2 _lCCODECWL1 _mBWL _p50.00 _r1 _sY _tBOOK _u2016-7-25 _xWHITE _zUNKNOWN _0COMPRA _o.STAFF. Centro White |
||
| 980 |
_81 _gALBERTO SANCHEZ Responsable de Automatización |
||